[Event "Quebec op"]
[Site "Longueuil CAN"]
[Date "2018.07.27"]
[Round "8.8"]
[White "Soudre, Nicolas"]
[Black "Durette, Francis"]
[Result "1-0"]
[WhiteElo "2080"]
[BlackElo "2035"]
[PlyCount "67"]
[EventDate "2018.07.21"]
[EventType "swiss"]
[EventRounds "9"]
[EventCountry "CAN"]

1. e4 d6 2. Nc3 Nf6 3. f4 g6 4. Nf3 Bg7 5. d3 O-O 6. g3 c5 7. Bg2 Nc6 8. O-O
Rb8 9. Rb1 b5 10. b3 Ng4 11. Ne2 Qb6 12. h3 Nh6 13. g4 f5 14. exf5 gxf5 15. g5
Nf7 16. Kh1 e5 17. c4 bxc4 18. bxc4 e4 19. Nh4 Nb4 20. Ng3 Nh8 21. Bb2 Bxb2 22.
Rxb2 Nxd3 23. Rd2 Ng6 24. Rxd3 exd3 25. Bd5+ Rf7 26. Nhxf5 Bb7 27. Nh6+ Kf8 28.
Nxf7 Bxd5+ 29. cxd5 Kxf7 30. Qxd3 Kg8 31. Nf5 Qc7 32. Nh6+ Kh8 33. Nf5 Kg8 34.
Qc3 1-0

[Event "Quebec op"]
[Site "Longueuil CAN"]
[Date "2018.07.27"]
[Round "8.9"]
[White "Malek, Omid"]
[Black "Upper, John"]
[Result "1/2-1/2"]
[WhiteElo "2055"]
[BlackElo "1969"]
[PlyCount "90"]
[EventDate "2018.07.21"]
[EventType "swiss"]
[EventRounds "9"]
[EventCountry "CAN"]

1. e4 c5 2. Nc3 g6 3. g3 Bg7 4. Bg2 Nc6 5. Nge2 d6 6. d3 e5 7. Nd5 Nge7 8. Bg5
h6 9. Be3 Nxd5 10. exd5 Ne7 11. Nc3 O-O 12. O-O Rb8 13. a4 b6 14. Rb1 Bb7 15.
Qd2 Nf5 16. b4 Rc8 17. Nb5 cxb4 18. Rxb4 Nxe3 19. fxe3 Ra8 20. c4 h5 21. Rbb1
Ba6 22. Rfe1 f5 23. Qb4 Bxb5 24. cxb5 Rc8 25. Rbc1 Rxc1 26. Rxc1 Qg5 27. Re1 f4
28. exf4 exf4 29. gxf4 Rxf4 30. Qxd6 Rg4 31. Qe6+ Kh7 32. Qe2 Qxd5 33. Kh1 Qd4
34. Bf3 Rh4 35. Qg2 Qxd3 36. Rd1 Qf5 37. Rd5 Qb1+ 38. Bd1 Rg4 39. Qc2 Qxc2 40.
Bxc2 Kh6 41. Bd1 Re4 42. Kg2 Re1 43. Kf2 Re7 44. Kf3 Bb2 45. Rd3 Bc1 1/2-1/2

[Event "Quebec op"]
[Site "Longueuil CAN"]
[Date "2018.07.27"]
[Round "8.10"]
[White "Bouton, Christophe"]
[Black "Saine, Zachary"]
[Result "1-0"]
[WhiteElo "2016"]
[BlackElo "1899"]
[PlyCount "55"]
[EventDate "2018.07.21"]
[EventType "swiss"]
[EventRounds "9"]
[EventCountry "CAN"]

1. d4 d5 2. c4 e6 3. g3 c6 4. Bg2 Nf6 5. Nf3 Be7 6. O-O O-O 7. Nbd2 Nbd7 8. Qc2
b5 9. b3 a5 10. e4 Bb7 11. e5 Ne8 12. Re1 a4 13. Rb1 a3 14. c5 b4 15. Nf1 Ba6
16. Bd2 Rb8 17. h4 h6 18. N1h2 Nc7 19. Rbd1 Rb7 20. Ng4 Re8 21. Bxh6 gxh6 22.
Nxh6+ Kg7 23. Nxf7 Kxf7 24. Qh7+ Kf8 25. Re3 Nf6 26. Qh6+ Kg8 27. Qg6+ Kh8 28.
Ng5 1-0

[Event "Quebec op"]
[Site "Longueuil CAN"]
[Date "2018.07.27"]
[Round "8.11"]
[White "Zhu, Brandon"]
[Black "Saha, Ananda"]
[Result "1/2-1/2"]
[WhiteElo "1959"]
[BlackElo "1950"]
[PlyCount "98"]
[EventDate "2018.07.21"]
[EventType "swiss"]
[EventRounds "9"]
[EventCountry "CAN"]

1. d4 Nf6 2. c4 g6 3. g3 Bg7 4. Bg2 d6 5. Nc3 O-O 6. Nf3 c6 7. O-O Nbd7 8. h3
Qc7 9. e4 e5 10. Be3 Re8 11. Qc2 b5 12. cxb5 cxb5 13. Rac1 Qa5 14. b3 Ba6 15.
Rfe1 Rac8 16. a3 d5 17. Nxe5 Nxe5 18. dxe5 Nxe4 19. Bxe4 dxe4 20. Qxe4 Rxe5 21.
Qd3 Qxa3 22. Ra1 Qxb3 23. Rxa6 Qxc3 24. Qxc3 Rxc3 25. Rd1 Re8 26. Rxa7 b4 27.
Rdd7 Rf8 28. Rab7 Rc4 29. Bd2 Bc3 30. Bh6 Bg7 31. Bd2 Bc3 32. Bh6 Ra8 33. Rxf7
b3 34. Bg7 b2 35. Bxc3 b1=Q+ 36. Rxb1 Kxf7 37. Bd2 Rc7 38. Be3 Ra2 39. Kg2 Ke6
40. Rb5 Rd7 41. h4 h5 42. Rb8 Kd5 43. Rb6 Rg7 44. Kf3 Ra4 45. Rb5+ Kc4 46. Rc5+
Kd3 47. Rd5+ Kc2 48. Rd6 Rg8 49. Rc6+ Kb3 1/2-1/2

[Event "Quebec op"]
[Site "Longueuil CAN"]
[Date "2018.07.27"]
[Round "8.12"]
[White "Lopez Linares, Lizandro"]
[Black "Ouellet, Maili-Jade"]
[Result "1-0"]
[WhiteElo "2088"]
[BlackElo "2197"]
[PlyCount "95"]
[EventDate "2018.07.21"]
[EventType "swiss"]
[EventRounds "9"]
[EventCountry "CAN"]

1. d4 d5 2. Nf3 Nf6 3. c4 e6 4. Nc3 Be7 5. Bf4 O-O 6. e3 Nbd7 7. Rc1 c5 8. dxc5
Nxc5 9. Be2 b6 10. cxd5 exd5 11. Nd4 Bb7 12. O-O a6 13. Nf5 Re8 14. Bf3 Bf8 15.
Bg5 h6 16. Bh4 g5 17. Bg3 Qd7 18. Nd4 Rac8 19. h3 Nce4 20. Nxe4 dxe4 21. Be2
Rxc1 22. Qxc1 Rc8 23. Qb1 Rc5 24. Rd1 Qc8 25. b4 Rd5 26. Rc1 Qe8 27. b5 a5 28.
Nc6 Nd7 29. Bc4 Rf5 30. Rd1 Rf6 31. Qc2 Nc5 32. Rd8 Bxc6 33. Rxe8 Bxe8 34. Qd2
Be7 35. Be5 Rg6 36. Qd5 Kf8 37. Qa8 Bd6 38. Bd4 g4 39. hxg4 Rxg4 40. Bd5 Rg6
41. Bc6 Re6 42. Qd8 Be5 43. Bxe5 Rxe5 44. Qd6+ Re7 45. Qxh6+ Kg8 46. Bxe8 Rxe8
47. Qxb6 Nd3 48. Qc7 1-0

[Event "Quebec op"]
[Site "Longueuil CAN"]
[Date "2018.07.27"]
[Round "8.13"]
[White "Luksza, Arkadiusz"]
[Black "Javidfard, Amirsalar"]
[Result "1-0"]
[WhiteElo "2106"]
[BlackElo "1990"]
[PlyCount "71"]
[EventDate "2018.07.21"]
[EventType "swiss"]
[EventRounds "9"]
[EventCountry "CAN"]

1. d4 d5 2. c4 e6 3. g3 c5 4. cxd5 exd5 5. Bg2 Nf6 6. Bg5 cxd4 7. Nf3 Qa5+ 8.
Nbd2 Ne4 9. Bf4 d3 10. exd3 Nc5 11. O-O Be7 12. Re1 Ne6 13. Bg5 Nc6 14. Nb3 Qb6
15. Bxe7 Nxe7 16. d4 O-O 17. Ne5 Nf5 18. Bxd5 Rd8 19. Be4 Nexd4 20. Nxd4 Qxd4
21. Qxd4 Nxd4 22. Rad1 Bh3 23. Bxb7 Rab8 24. Nc6 Nf3+ 25. Kh1 Nxe1 26. Nxd8 Kf8
27. Be4 Bg4 28. Nc6 Re8 29. Rd8 a6 30. Rxe8+ Kxe8 31. Nd4 g6 32. Kg1 f5 33. Bb7
f4 34. Bxa6 Kd8 35. Kf1 fxg3 36. fxg3 1-0

[Event "Quebec op"]
[Site "Longueuil CAN"]
[Date "2018.07.27"]
[Round "8.14"]
[White "Babb, Jeff"]
[Black "Van Hoolandt, Patrick"]
[Result "1/2-1/2"]
[WhiteElo "2054"]
[BlackElo "2065"]
[PlyCount "117"]
[EventDate "2018.07.21"]
[EventType "swiss"]
[EventRounds "9"]
[EventCountry "CAN"]

1. f4 d5 2. Nf3 g6 3. e3 Bg7 4. Be2 c5 5. O-O Nc6 6. d3 Nf6 7. Nc3 d4 8. Ne4
Qb6 9. Nxf6+ exf6 10. e4 f5 11. Kh1 O-O 12. exf5 Bxf5 13. Nh4 Bd7 14. a3 Rae8
15. g3 Ne7 16. Bf3 Bf6 17. Ng2 Nf5 18. Rb1 Bc6 19. Bd2 Qc7 20. Re1 Rxe1+ 21.
Nxe1 Re8 22. Ng2 b5 23. Qf1 Qb7 24. Bxc6 Qxc6 25. Re1 Rxe1 26. Qxe1 c4 27. Qe4
Qxe4 28. dxe4 c3 29. bxc3 dxc3 30. Be1 Ng7 31. Ne3 Be7 32. Bxc3 Bxa3 33. Nd5
Kf8 34. Kg2 Ne6 35. Kf3 Bc5 36. Ke2 h5 37. h3 Ke8 38. g4 b4 39. Be5 hxg4 40.
hxg4 Kd7 41. Kd3 Kc6 42. Kc4 a5 43. c3 bxc3 44. Bxc3 a4 45. f5 Ng5 46. fxg6
fxg6 47. e5 Ne4 48. Bb4 Bxb4 49. Nxb4+ Kd7 50. Nd3 g5 51. Kd4 Nd2 52. Nc5+ Ke7
53. Nxa4 Nf1 54. Ke4 Ng3+ 55. Kf3 Nf1 56. Nc5 Nh2+ 57. Kg3 Nf1+ 58. Kg2 Nd2 59.
Kf2 1/2-1/2

[Event "Quebec op"]
[Site "Longueuil CAN"]
[Date "2018.07.27"]
[Round "8.15"]
[White "Prahov, Valentin"]
[Black "Turcotte, Jonathan"]
[Result "1-0"]
[WhiteElo "2105"]
[BlackElo "1941"]
[PlyCount "61"]
[EventDate "2018.07.21"]
[EventType "swiss"]
[EventRounds "9"]
[EventCountry "CAN"]

1. e4 c6 2. d4 d5 3. f3 dxe4 4. fxe4 e5 5. Nf3 Bg4 6. Bc4 Nd7 7. O-O Ngf6 8. c3
Bd6 9. Bg5 O-O 10. Nbd2 Qc7 11. Qc2 Rae8 12. Rae1 Bh5 13. Kh1 Bg6 14. Nh4 b5
15. Nxg6 hxg6 16. Bb3 Nh5 17. Nf3 c5 18. dxc5 Nxc5 19. Bd5 Nf6 20. Bxf6 gxf6
21. Nh4 Kg7 22. Qf2 Be7 23. Re3 Rh8 24. Rh3 Rh6 25. Qg3 Kf8 26. Nf5 Rxh3 27.
Qxh3 Kg8 28. Qh6 gxf5 29. Qg6+ Kh8 30. Bxf7 Bf8 31. Qg8# 1-0

[Event "Quebec op"]
[Site "Longueuil CAN"]
[Date "2018.07.27"]
[Round "8.16"]
[White "Robichaud, Louis"]
[Black "Jacquet, Stephane"]
[Result "1/2-1/2"]
[WhiteElo "2060"]
[BlackElo "1936"]
[PlyCount "82"]
[EventDate "2018.07.21"]
[EventType "swiss"]
[EventRounds "9"]
[EventCountry "CAN"]

1. e4 d6 2. d4 Nf6 3. Nc3 g6 4. f4 Bg7 5. Bd3 O-O 6. Nf3 Nc6 7. O-O e5 8. fxe5
dxe5 9. d5 Ne7 10. Bd2 c6 11. dxc6 Nxc6 12. Kh1 a6 13. a3 Qd6 14. Qe1 Bg4 15.
Rd1 Nd4 16. Qh4 Bxf3 17. gxf3 Nh5 18. Nd5 a5 19. Bg5 f6 20. Be3 Rad8 21. c3 Nc6
22. f4 f5 23. Bb6 Rd7 24. Be2 fxe4 25. Bxh5 gxh5 26. f5 Nd4 27. cxd4 Qxd5 28.
dxe5 Qxd1 29. Rxd1 Rxd1+ 30. Kg2 Rxf5 31. Qxe4 Rd2+ 32. Kg1 Rxe5 33. Qc4+ Red5
34. Qc8+ Bf8 35. Qe6+ Kg7 36. Be3 Rd1+ 37. Kg2 Rd6 38. Qe5+ Kg8 39. Qxa5 Rg6+
40. Kf3 b6 41. Qxh5 Rdd6 1/2-1/2

[Event "Quebec op"]
[Site "Longueuil CAN"]
[Date "2018.07.27"]
[Round "8.17"]
[White "Auger, Bertrand"]
[Black "Poulin, Maurice"]
[Result "0-1"]
[WhiteElo "1935"]
[BlackElo "1970"]
[PlyCount "72"]
[EventDate "2018.07.21"]
[EventType "swiss"]
[EventRounds "9"]
[EventCountry "CAN"]

1. Nf3 c5 2. c4 Nc6 3. g3 g6 4. Bg2 Bg7 5. Nc3 e6 6. O-O Nge7 7. a3 O-O 8. e3
d5 9. d4 cxd4 10. exd4 dxc4 11. Bg5 Re8 12. Ne4 Nxd4 13. Nf6+ Bxf6 14. Bxf6
Nxf3+ 15. Bxf3 Qxd1 16. Rfxd1 Nd5 17. Bd4 Bd7 18. a4 Rec8 19. Be5 Bc6 20. Be2
Nb6 21. a5 Nd7 22. Bc3 Bd5 23. h4 Nc5 24. h5 Ne4 25. hxg6 fxg6 26. Rd4 Nxc3 27.
bxc3 Rc5 28. Ra4 Rac8 29. Bg4 R8c6 30. Be2 Kg7 31. Rd1 Kf6 32. Rb1 Ra6 33. Rbb4
Raxa5 34. Rxa5 Rxa5 35. Bxc4 Ra1+ 36. Bf1 b5 0-1

[Event "Quebec op"]
[Site "Longueuil CAN"]
[Date "2018.07.27"]
[Round "8.18"]
[White "Libersan, Thierry"]
[Black "Acosta, Mariano"]
[Result "1-0"]
[WhiteElo "2047"]
[BlackElo "1802"]
[PlyCount "149"]
[EventDate "2018.07.21"]
[EventType "swiss"]
[EventRounds "9"]
[EventCountry "CAN"]

1. d4 d6 2. e4 Nf6 3. f3 c5 4. Ne2 e6 5. Nbc3 d5 6. Bg5 cxd4 7. Nxd4 Bb4 8. e5
h6 9. Be3 Nfd7 10. f4 Nc6 11. Bd3 Nxd4 12. Bxd4 Nc5 13. O-O Nxd3 14. cxd3 Bd7
15. Qb3 Qa5 16. Kh1 g6 17. a3 Bxc3 18. Bxc3 Qb6 19. Qxb6 axb6 20. Bb4 h5 21.
Rac1 Bc6 22. d4 Kd7 23. h3 Bb5 24. Rf3 Rac8 25. Bc3 Bc4 26. g3 Bb3 27. Rf2 Rc4
28. Re1 Rcc8 29. Kg2 Rh7 30. Kf3 Ba4 31. Ke3 Ke8 32. Rc1 Kd7 33. Kd2 Rhh8 34.
Rg1 Ke8 35. Rh1 Kd7 36. Rhh2 Bb3 37. Rhg2 Ba4 38. g4 Rcg8 39. Rg1 hxg4 40. hxg4
Rh3 41. Rgg2 Rh7 42. Rh2 Rgh8 43. Rxh7 Rxh7 44. f5 gxf5 45. gxf5 exf5 46. Rxf5
Ke8 47. Rf6 Bc6 48. Ke3 Rg7 49. Rh6 b5 50. Be1 Rg4 51. Bh4 Re4+ 52. Kd3 b4 53.
axb4 Bb5+ 54. Kc3 Re3+ 55. Kc2 Re4 56. Kc3 Re3+ 57. Kc2 Re4 58. Rh8+ Kd7 59.
Bf6 Bc6 60. Rd8+ Ke6 61. Rd6+ Kf5 62. b5 Bxb5 63. Rxd5 Bc6 64. Rd8 Re2+ 65. Kc3
Ke4 66. b3 Bd5 67. Kb4 Re3 68. Kc5 Rc3+ 69. Kd6 Rc6+ 70. Ke7 Bxb3 71. Rd7 b5
72. Rb7 Bc4 73. Rb8 Rc7+ 74. Kd6 Rc6+ 75. Kxc6 1-0

[Event "Quebec op"]
[Site "Longueuil CAN"]
[Date "2018.07.27"]
[Round "8.19"]
[White "Yagiz, Bora"]
[Black "Currie, James"]
[Result "1-0"]
[WhiteElo "1862"]
[BlackElo "2006"]
[PlyCount "79"]
[EventDate "2018.07.21"]
[EventType "swiss"]
[EventRounds "9"]
[EventCountry "CAN"]

1. e4 d5 2. exd5 Nf6 3. d4 Nxd5 4. c4 Nb4 5. a3 N4a6 6. Nf3 g6 7. Be2 Bg7 8.
O-O O-O 9. Nc3 Nd7 10. Be3 c6 11. h3 Nc7 12. Qb3 Ne6 13. Rfd1 Qc7 14. Rac1 Nf4
15. Bf1 Nf6 16. d5 e5 17. d6 Qa5 18. Bd2 Nd7 19. Nd5 Nc5 20. Qa2 Qa4 21. Nxf4
exf4 22. Bxf4 Qb3 23. Qxb3 Nxb3 24. d7 Bxd7 25. Rxd7 Nxc1 26. Bxc1 Rfd8 27.
Rxb7 Rd1 28. Be3 Ra1 29. g4 h5 30. Kg2 a5 31. c5 Rb1 32. Bc4 Rxb2 33. Rxf7 Kh8
34. Rxg7 hxg4 35. hxg4 a4 36. Bd4 Rbb8 37. Rg8+ Kh7 38. Ng5+ Kh6 39. Nf7+ Kh7
40. Rg7# 1-0

[Event "Quebec op"]
[Site "Longueuil CAN"]
[Date "2018.07.27"]
[Round "8.20"]
[White "Lemieux, Serge"]
[Black "Wu, Tony (Dongze)"]
[Result "0-1"]
[WhiteElo "1702"]
[BlackElo "1883"]
[PlyCount "72"]
[EventDate "2018.07.21"]
[EventType "swiss"]
[EventRounds "9"]
[EventCountry "CAN"]

1. d4 Nf6 2. e3 e6 3. Bd3 c5 4. c3 d5 5. Nd2 Nc6 6. f4 Bd6 7. Ngf3 O-O 8. Ne5
Qc7 9. O-O c4 10. Bc2 b5 11. Rf3 Re8 12. Qe1 Be7 13. Rh3 g6 14. Ndf3 Ne4 15. g4
f5 16. Nxc6 fxg4 17. Nxe7+ Qxe7 18. Rh6 gxf3 19. Bxe4 dxe4 20. Qh4 Qxh4 21.
Rxh4 Bd7 22. Rg4 e5 23. Rg3 exd4 24. cxd4 Kf7 25. h4 h6 26. Bd2 a5 27. Kf2 b4
28. a3 bxa3 29. Rxa3 Reb8 30. Bc3 Rb3 31. Rxb3 cxb3 32. Rg1 a4 33. Ra1 Rc8 34.
Rc1 Bb5 35. Kg3 Bd3 36. Kf2 Rc4 0-1

[Event "Quebec op"]
[Site "Longueuil CAN"]
[Date "2018.07.27"]
[Round "8.21"]
[White "Zheng, Richard"]
[Black "Goldner, John"]
[Result "1-0"]
[WhiteElo "1986"]
[BlackElo "1743"]
[PlyCount "99"]
[EventDate "2018.07.21"]
[EventType "swiss"]
[EventRounds "9"]
[EventCountry "CAN"]

1. e4 e5 2. Nf3 Nc6 3. Bc4 Nf6 4. d3 d5 5. exd5 Nxd5 6. O-O Be7 7. Re1 f6 8. d4
Bg4 9. c3 Qd7 10. dxe5 O-O-O 11. Bxd5 Qxd5 12. Qxd5 Rxd5 13. exf6 Bxf6 14. Nbd2
Rhd8 15. h3 Bh5 16. g4 Bf7 17. Ne4 Be7 18. Be3 h6 19. Ng3 Bg6 20. Bd4 Nxd4 21.
Nxd4 Bf6 22. Ne6 R8d6 23. Nf4 Rg5 24. Nxg6 Rxg6 25. Nf5 Rd2 26. Rad1 Rxd1 27.
Rxd1 b6 28. f3 a5 29. Kg2 Kb7 30. f4 h5 31. Kf3 hxg4+ 32. hxg4 Kc8 33. g5 Bxg5
34. Rg1 Rf6 35. Rxg5 g6 36. Ne7+ Kd7 37. Nxg6 Rd6 38. Ne5+ Kc8 39. Rg2 b5 40.
Ke4 Rd1 41. Re2 a4 42. a3 c5 43. f5 b4 44. axb4 cxb4 45. cxb4 Ra1 46. f6 Rf1
47. f7 Rf6 48. Re3 Kd8 49. Rf3 Rxf3 50. Kxf3 1-0

[Event "Quebec op"]
[Site "Longueuil CAN"]
[Date "2018.07.27"]
[Round "8.22"]
[White "Chang, Alexander RZ"]
[Black "Zhong, Kevin"]
[Result "1/2-1/2"]
[WhiteElo "1597"]
[BlackElo "1925"]
[PlyCount "92"]
[EventDate "2018.07.21"]
[EventType "swiss"]
[EventRounds "9"]
[EventCountry "CAN"]

1. d4 Nf6 2. c4 e6 3. Nc3 d5 4. Nf3 c5 5. e3 Nc6 6. Bd3 dxc4 7. Bxc4 cxd4 8.
exd4 Be7 9. O-O O-O 10. Bf4 b6 11. Qd2 Bb7 12. Rfd1 Nb4 13. Ne5 Nbd5 14. Nxd5
Nxd5 15. Bxd5 Qxd5 16. Nf3 Bd6 17. Bxd6 Qxd6 18. Qe3 Bd5 19. a3 Rac8 20. Rd2 h6
21. h3 Rfd8 22. Ne5 Rc7 23. Nd3 Bb7 24. Qe5 Rcd7 25. Qxd6 Rxd6 26. Nb4 Rxd4 27.
Rxd4 Rxd4 28. Rc1 Rd7 29. Rc3 Kf8 30. f3 Ke7 31. Kf2 f5 32. Ke3 g5 33. g3 a5
34. Nd3 Kf6 35. f4 gxf4+ 36. gxf4 Bd5 37. Ne5 Rg7 38. Kd4 Rb7 39. Rc8 Kg7 40.
b4 axb4 41. axb4 Kf6 42. Rh8 Kg7 43. Rc8 Kf6 44. Rh8 Kg7 45. Rc8 Kf6 46. Rh8
Kg7 1/2-1/2

[Event "Quebec op"]
[Site "Longueuil CAN"]
[Date "2018.07.27"]
[Round "8.23"]
[White "Vignalou, Joseph"]
[Black "Trottier, Alain"]
[Result "0-1"]
[WhiteElo "1754"]
[BlackElo "1966"]
[PlyCount "104"]
[EventDate "2018.07.21"]
[EventType "swiss"]
[EventRounds "9"]
[EventCountry "CAN"]

1. e4 c6 2. d4 d5 3. Nc3 dxe4 4. Nxe4 Nd7 5. Nf3 Ngf6 6. Bd3 Nxe4 7. Bxe4 Nf6
8. Qe2 Bg4 9. O-O e6 10. Bf4 Be7 11. c3 Nxe4 12. Qxe4 Qd5 13. Qxd5 cxd5 14. Ne5
Bf5 15. Rad1 O-O 16. Rfe1 Rfd8 17. Rd2 Rac8 18. g4 Bg6 19. Bg3 Bf6 20. Nxg6
hxg6 21. h4 b5 22. a3 a5 23. f3 Rc4 24. Rh2 b4 25. axb4 axb4 26. g5 Be7 27. Re3
bxc3 28. bxc3 Rdc8 29. Be1 Bd6 30. Ra2 Rb8 31. Kf1 Bf4 32. Rd3 Rb1 33. Ke2 Rc7
34. Ra8+ Kh7 35. Bd2 Bg3 36. f4 Bh2 37. Rh3 Bg1 38. Rh1 Rcb7 39. h5 gxh5 40.
Rxh5+ Kg6 41. Rah8 Ra7 42. Rh3 Rb2 43. Rg3 Bf2 44. Kxf2 Rxd2+ 45. Ke3 Rd1 46.
Rhh3 Ra2 47. f5+ exf5 48. Kf4 Re1 49. Re3 Rf2+ 50. Rhf3 Rxf3+ 51. Rxf3 Re4+ 52.
Kg3 Kxg5 0-1

[Event "Quebec op"]
[Site "Longueuil CAN"]
[Date "2018.07.28"]
[Round "9.2"]
[White "Voskanyan, Vahagn"]
[Black "Edouard, Romain"]
[Result "0-1"]
[WhiteElo "2201"]
[BlackElo "2638"]
[PlyCount "94"]
[EventDate "2018.07.21"]
[EventType "swiss"]
[EventRounds "9"]
[EventCountry "CAN"]

1. Nf3 c5 2. c4 Nc6 3. d4 cxd4 4. Nxd4 e5 5. Nc2 Bc5 6. e3 d6 7. Nc3 Nf6 8. Be2
O-O 9. b3 a6 10. Bb2 Be6 11. Bf3 Rc8 12. O-O Qd7 13. Nd5 Bxd5 14. Bxd5 b5 15.
cxb5 axb5 16. a4 Nxd5 17. Qxd5 b4 18. Rfd1 Qe6 19. Rab1 Qxd5 20. Rxd5 f5 21.
Ne1 Kf7 22. Nf3 Ke6 23. Rdd1 f4 24. exf4 Rxf4 25. Bc1 Rff8 26. Be3 Bxe3 27.
fxe3 h6 28. e4 Rf4 29. Re1 Na5 30. Re3 Rc2 31. Rd1 Rc3 32. Kf2 Rxb3 33. Rd5
Rxe4 34. Rxd6+ Kxd6 35. Rxe4 Nc6 36. Rg4 Rb2+ 37. Ke3 Ne7 38. Nd2 Kd5 39. Kd3
Nf5 40. Rg6 e4+ 41. Nxe4 Rb3+ 42. Kc2 Nd4+ 43. Kc1 Kxe4 44. Rxg7 Kd3 45. Rg3+
Kc4 46. Rg6 Rd3 47. Rxh6 Kb3 0-1

[Event "Quebec op"]
[Site "Longueuil CAN"]
[Date "2018.07.28"]
[Round "9.5"]
[White "Sambuev, Bator"]
[Black "Soudre, Nicolas"]
[Result "1-0"]
[WhiteElo "2514"]
[BlackElo "2080"]
[PlyCount "77"]
[EventDate "2018.07.21"]
[EventType "swiss"]
[EventRounds "9"]
[EventCountry "CAN"]

1. Nf3 e6 2. c4 Nf6 3. Nc3 Bb4 4. g4 h6 5. Rg1 b6 6. e3 Bb7 7. Be2 Qe7 8. Nb5
d5 9. a3 Bd6 10. b3 Nbd7 11. Bb2 dxc4 12. bxc4 Nc5 13. Nxd6+ cxd6 14. d3 Bc6
15. Nd4 Ba4 16. Qd2 g6 17. Rb1 e5 18. Nb5 a6 19. Nc3 Bc6 20. Ba1 Rb8 21. f3 Ba8
22. Kf1 g5 23. d4 exd4 24. Qxd4 Ne6 25. Qd2 O-O 26. h4 Rfe8 27. Nd5 Nxd5 28.
cxd5 Nc5 29. Qd4 Qe5 30. hxg5 hxg5 31. e4 f6 32. Qe3 Qe7 33. Qd4 Qe5 34. Rh1 b5
35. Qe3 Qe7 36. Rh6 Nd7 37. Bxf6 Nxf6 38. Qxg5+ Kf8 39. Rxf6+ 1-0

[Event "Quebec op"]
[Site "Longueuil CAN"]
[Date "2018.07.28"]
[Round "9.6"]
[White "Zhao, Jim"]
[Black "Bouton, Christophe"]
[Result "1-0"]
[WhiteElo "2169"]
[BlackElo "2016"]
[PlyCount "57"]
[EventDate "2018.07.21"]
[EventType "swiss"]
[EventRounds "9"]
[EventCountry "CAN"]

1. Nf3 Nf6 2. c4 e6 3. b3 c5 4. Bb2 Be7 5. g3 b6 6. Bg2 Bb7 7. O-O O-O 8. Nc3
d5 9. cxd5 Nxd5 10. Qc2 Na6 11. Rfd1 Rc8 12. Rac1 Ba8 13. Qb1 Bf6 14. Nb5 Bxb2
15. Qxb2 Qe7 16. a4 Nab4 17. d4 cxd4 18. Nfxd4 a5 19. e4 Nf6 20. e5 Nd7 21.
Bxa8 Rxa8 22. Nc6 Nxc6 23. Rxc6 Nc5 24. Rxb6 Ne4 25. Rc6 Rac8 26. Rxc8 Rxc8 27.
Nd6 Nxd6 28. exd6 Qd7 29. Qe5 1-0

[Event "Quebec op"]
[Site "Longueuil CAN"]
[Date "2018.07.28"]
[Round "9.8"]
[White "Beaulieu, Eric"]
[Black "Zhu, Brandon"]
[Result "1-0"]
[WhiteElo "2129"]
[BlackElo "1959"]
[PlyCount "83"]
[EventDate "2018.07.21"]
[EventType "swiss"]
[EventRounds "9"]
[EventCountry "CAN"]

1. Nf3 d5 2. d4 c6 3. c4 dxc4 4. e3 Be6 5. Nc3 b5 6. a4 b4 7. Ne4 Nf6 8. Neg5
Bd5 9. Ne5 h6 10. Ngf3 a5 11. Nxc4 e6 12. Be2 c5 13. Nce5 Qc7 14. Bb5+ Nbd7 15.
Nxd7 Nxd7 16. Ne5 Rd8 17. Qg4 Qb7 18. O-O h5 19. Qg5 Rh6 20. Nxf7 Kxf7 21. Qxd8
Rg6 22. f3 Nf6 23. Bd3 Be7 24. Qxa5 Bd6 25. Bxg6+ Kxg6 26. e4 Bxe4 27. dxc5 Qd5
28. Be3 Qe5 29. g3 Bb7 30. Rae1 Ng4 31. Qxb4 Nxh2 32. Qf4 Nxf1 33. Qxe5 Bxe5
34. Rxf1 Bc6 35. b3 Bxg3 36. Kg2 Be5 37. Rd1 Kf5 38. Bd4 g5 39. Bxe5 Kxe5 40.
Kg3 Bd5 41. b4 Bb3 42. c6 1-0

[Event "Quebec op"]
[Site "Longueuil CAN"]
[Date "2018.07.28"]
[Round "9.9"]
[White "Upper, John"]
[Black "Huang, Qiuyu"]
[Result "1-0"]
[WhiteElo "1969"]
[BlackElo "2108"]
[PlyCount "117"]
[EventDate "2018.07.21"]
[EventType "swiss"]
[EventRounds "9"]
[EventCountry "CAN"]

1. c4 e6 2. Nc3 d5 3. e3 Nf6 4. Nf3 c5 5. cxd5 Nxd5 6. Bc4 Nb6 7. Be2 Nc6 8. d4
Bd7 9. O-O a6 10. dxc5 Bxc5 11. Ne4 Qe7 12. a3 f5 13. Nxc5 Qxc5 14. e4 Nc8 15.
Be3 Qe7 16. exf5 exf5 17. Rc1 Qf6 18. Qd2 N8e7 19. Rfd1 Be6 20. Bc4 Rd8 21. Qe2
Rxd1+ 22. Rxd1 Bxc4 23. Qxc4 Qf7 24. Qxf7+ Kxf7 25. Bb6 Ke6 26. Ng5+ Kf6 27. f4
Nc8 28. Re1 Kg6 29. Bc5 Rd8 30. Re6+ Kh5 31. Nxh7 Rd5 32. b4 a5 33. h3 axb4 34.
axb4 Nd4 35. Re8 Nd6 36. Rd8 N4b5 37. Ng5 Rd2 38. Nf3 Rd1+ 39. Kh2 Kg6 40. Ne5+
Kf6 41. Rd7 Rd2 42. Be3 Rc2 43. Bb6 g6 44. Bd8+ Ke6 45. Rg7 Kd5 46. Rxg6 Ke4
47. Kg3 Rc3+ 48. Nf3 Kd5 49. Be7 Ne4+ 50. Kh4 Rc7 51. Bf8 Rf7 52. Bg7 Nbd6 53.
Ng5 Re7 54. Be5 b5 55. g4 Nc4 56. gxf5 Nxe5 57. fxe5 Kxe5 58. Nxe4 Kxf5 59. Rg4
1-0

[Event "Quebec op"]
[Site "Longueuil CAN"]
[Date "2018.07.28"]
[Round "9.10"]
[White "Bremner, William"]
[Black "Luksza, Arkadiusz"]
[Result "1-0"]
[WhiteElo "1684"]
[BlackElo "2106"]
[PlyCount "87"]
[EventDate "2018.07.21"]
[EventType "swiss"]
[EventRounds "9"]
[EventCountry "CAN"]

1. d4 Nf6 2. c4 e6 3. g3 d5 4. Bg2 c6 5. Nf3 Nbd7 6. Qc2 Ne4 7. O-O Bd6 8. b3
O-O 9. Ba3 Bxa3 10. Nxa3 Qe7 11. Nb1 f5 12. Nc3 Ndf6 13. Rac1 Bd7 14. Ne5 Be8
15. Nxe4 fxe4 16. f3 exf3 17. exf3 Rd8 18. c5 Nd7 19. Rce1 Nxe5 20. Rxe5 Rf6
21. Qe2 Bd7 22. Re1 Rdf8 23. Qe3 Rf5 24. f4 Rxe5 25. Qxe5 Qf6 26. Qe3 Qf5 27.
Bf1 b6 28. Bd3 Qf6 29. Rc1 Rb8 30. cxb6 Rxb6 31. a3 Be8 32. Re1 Bd7 33. Bc2 g6
34. Qd3 Kg7 35. Re5 Qf8 36. h4 Qxa3 37. h5 Qa6 38. Qd1 Be8 39. hxg6 Bxg6 40.
Rg5 Rb8 41. Bxg6 hxg6 42. Qb1 Kf8 43. Qxg6 Qb7 44. Qh6+ 1-0

[Event "Quebec op"]
[Site "Longueuil CAN"]
[Date "2018.07.28"]
[Round "9.11"]
[White "Durette, Francis"]
[Black "Lopez Linares, Lizandro"]
[Result "1/2-1/2"]
[WhiteElo "2035"]
[BlackElo "2088"]
[PlyCount "55"]
[EventDate "2018.07.21"]
[EventType "swiss"]
[EventRounds "9"]
[EventCountry "CAN"]

1. Nf3 b6 2. g3 Bb7 3. Bg2 Nf6 4. c4 c5 5. O-O e6 6. b3 d6 7. Bb2 g6 8. e3 Bg7
9. d4 O-O 10. Qe2 Qe7 11. Nc3 Nbd7 12. Rfd1 a6 13. Ne1 Rfb8 14. Qd2 Bxg2 15.
Nxg2 b5 16. cxb5 axb5 17. dxc5 d5 18. Qe2 Qxc5 19. Rac1 Qa7 20. Nxb5 Qxa2 21.
Nc7 Qxb3 22. Nxa8 Rxa8 23. Ra1 Rb8 24. Rdb1 Ne4 25. Bxg7 Qxb1+ 26. Rxb1 Rxb1+
27. Ne1 Kxg7 28. f3 1/2-1/2

[Event "Quebec op"]
[Site "Longueuil CAN"]
[Date "2018.07.28"]
[Round "9.12"]
[White "Poulin, Maurice"]
[Black "Prahov, Valentin"]
[Result "1-0"]
[WhiteElo "1970"]
[BlackElo "2105"]
[PlyCount "131"]
[EventDate "2018.07.21"]
[EventType "swiss"]
[EventRounds "9"]
[EventCountry "CAN"]

1. e4 c5 2. Nf3 e6 3. Nc3 Nc6 4. Bb5 Nge7 5. O-O a6 6. Bxc6 Nxc6 7. d4 cxd4 8.
Nxd4 Qc7 9. Kh1 b6 10. Re1 Bc5 11. Nxc6 dxc6 12. Be3 Bxe3 13. Rxe3 e5 14. Qh5
O-O 15. Rd1 Be6 16. Red3 f6 17. R1d2 Rad8 18. Qd1 Rxd3 19. Rxd3 g6 20. a3 Kf7
21. Qd2 Kg7 22. Nd1 Rf7 23. Ne3 b5 24. b4 Rd7 25. Rxd7+ Qxd7 26. Qxd7+ Bxd7 27.
c4 bxc4 28. Nxc4 Kf7 29. Kg1 Ke7 30. Kf1 Be6 31. Na5 Kd7 32. Nb7 Kc7 33. Nc5
Bc8 34. Ke2 Kb6 35. Kd3 a5 36. Kc4 axb4 37. Kxb4 f5 38. a4 fxe4 39. a5+ Kc7 40.
Nxe4 Bf5 41. Ng5 h5 42. Kc5 Bd3 43. Nf7 e4 44. h4 Kd7 45. Ng5 Kc7 46. Ne6+ Kb7
47. Nd8+ Ka6 48. Nxc6 Bf1 49. g3 Bb5 50. Ne5 Kxa5 51. Nxg6 Be2 52. Kd5 Bf3 53.
Ke5 Kb6 54. Kd4 Kc7 55. Ne5 Bh1 56. Nc4 Kd7 57. Ke5 Ke7 58. Nd6 Bf3 59. Nxe4
Bd1 60. f4 Kf7 61. f5 Bb3 62. Ng5+ Kg7 63. f6+ Kg6 64. f7 Kg7 65. Kf5 Bc2+ 66.
Ke6 1-0